| 000 | 00380 a2200109 4500 | ||
|---|---|---|---|
| 001 | ART_59637 | ||
| 005 | 20260410162022.0 | ||
| 008 | 260409a | ||
| 245 | 1 | 0 | _aTres alternativas frente al incumplimiento del pago de alimentos |
| 100 | 1 | _aRomero, Luis E. | |
| 773 | 0 |
_tTemas de derecho de familia, sucesiones y bioética _g- Año 7, N° 11 (nov. 2023) _wREV41029 |
|
| 999 |
_c33203 _d33203 |
||